=LDR 00000nam 2200000 4500 =001 INLIS000000000039447 =005 20130612145056 =008 ***********************************ind** =035 ##$$0010-061300000039447 =041 ##$$a ind =082 ##$$a 635.8 =090 ##$$a 635.8, Uto b.1 =100 ##$$a UTOYO, Normulyono =245 ##$$a Bertanam jamur di lahan sempit =260 ##$$a Ilus $b Vi =650 ##$$a JAMUR KUPING =700 ##$$a WULANDARI, Nina =850 ##$$a NBPNMAT